[Event "Lost Boys 5th"]
[Site "Antwerp BEL"]
[Date "1997.??.??"]
[Round "1"]
[White "Topalov, Veselin"]
[Black "Van der Sterren, Paul"]
[Result "1-0"]
[WhiteElo "2745"]
[BlackElo "2555"]
[EventDate "1997.08.01"]

1.e4 e5 2.Cf3 Cc6 3.Fb5 a6 4.Fa4 Cf6 5.O-O Fe7 6.Te1 b5 7.Fb3 d6 8.c3 O-O 
9.h3 Cb8 10.d4 Cbd7 11.Cbd2 Fb7 12.Fc2 Te8 13.Cf1 Ff8 14.Cg3 g6 15.a4 c5 
16.d5 c4 17.Fg5 h6 18.Fe3 Cc5 19.Dd2 h5 20.Fg5 Fe7 21.Ta3 Tb8 22.Tea1 Ch7 
23.Fe3 Ff6 24.Ce2 Cf8 25.Cc1 Cfd7 26.axb5 axb5 27.b4 cxb3 28.Cxb3 Dc7 29.
Cxc5 Cxc5 30.De2 Fc8 31.Ta7 Dd8 32.T1a5 Te7 33.Txe7 Fxe7 34.Txb5 Fa6 35.
Txb8 Dxb8 36.Dd1 Dc7 37.Da1 Fc8 38.Da3 Cd7 39.Cd2 Rg7 40.Fa4 f5 41.Fxd7 
Fxd7 42.Db4 Fc8 43.c4 Fa6 44.Da4 Dc8 45.f3 Rf7 46.Rf1 Fh4 47.Re2 Rg7 48.
Db4 Dc7 49.Rd1 Fd8 50.Rc2 f4 51.Ff2 Da5 52.Dxd6 Da2+ 53.Rc1 Da1+ 54.Cb1 
Fa5 55.Da3 1-0

[Event "Lost Boys 5th"]
[Site "Antwerp BEL"]
[Date "1997.??.??"]
[Round "2"]
[White "Novikov, Igor A"]
[Black "Topalov, Veselin"]
[Result "1/2-1/2"]
[WhiteElo "2590"]
[BlackElo "2745"]
[EventDate "1997.08.01"]

1.d4 Cf6 2.c4 g6 3.Cc3 Fg7 4.e4 d6 5.f3 O-O 6.Fg5 a6 7.Dd2 c5 8.Cge2 Cc6 
9.d5 Ce5 10.Cg3 b5 11.cxb5 Db6 12.a4 axb5 13.Fxb5 Fa6 14.O-O Da5 15.Fxa6 
Txa6 16.Cb5 Dxd2 17.Fxd2 Cc4 18.Fc3 Cd7 19.Fxg7 Rxg7 20.Tfb1 Cd2 21.Td1 
Cb3 22.Ta3 c4 23.Cf1 Cdc5 1/2-1/2

[Event "Lost Boys 5th"]
[Site "Antwerp BEL"]
[Date "1997.08.04"]
[Round "3"]
[White "Topalov, Veselin"]
[Black "Piket, Jeroen"]
[Result "1-0"]
[WhiteElo "2745"]
[BlackElo "2630"]
[EventDate "1997.08.01"]

1.e4 e5 2.Cf3 Cc6 3.Fb5 a6 4.Fa4 Cf6 5.O-O Cxe4 6.d4 b5 7.Fb3 d5 8.dxe5 
Fe6 9.Cbd2 Cc5 10.c3 Fe7 11.Fc2 d4 12.Cb3 d3 13.Fb1 Cxb3 14.axb3 Ff5 15.
Fe3 O-O 16.Fd4 Dd5 17.Te1 Tfd8 18.Te3 Cxd4 19.cxd4 c5 20.Fxd3 cxd4 21.Te2 
De6 22.h3 Td5 23.Ce1 a5 24.Fxf5 Dxf5 25.Cd3 h5 26.Tc2 f6 27.exf6 Fxf6 28.
De2 Ta7 29.Tac1 Te7 30.Dd1 Rh7 31.Tc5 g6 32.Txd5 Dxd5 33.Tc5 Db7 34.Dc2 
Fg7 35.Txh5+ 1-0

[Event "Lost Boys 5th"]
[Site "Antwerp BEL"]
[Date "1997.??.??"]
[Round "5"]
[White "Topalov, Veselin"]
[Black "Ye Rongguang"]
[Result "1/2-1/2"]
[WhiteElo "2745"]
[BlackElo "2500"]
[EventDate "1997.08.01"]

1.e4 e5 2.Cf3 Cf6 3.Cxe5 d6 4.Cf3 Cxe4 5.d4 d5 6.Fd3 Cc6 7.O-O Fe7 8.c4 
Cb4 9.Fe2 Fe6 10.c5 a5 11.a3 Cc6 12.Fb5 O-O 13.Fxc6 bxc6 14.Ce5 Ff6 15.Ff4
Fd7 16.f3 Cg5 17.Cc3 Tb8 18.Tf2 Ce6 19.Fg3 Te8 20.f4 Fxe5 21.fxe5 Dg5 22.
Rh1 Tb7 23.Td2 1/2-1/2

[Event "Lost Boys 5th"]
[Site "Antwerp BEL"]
[Date "1997.??.??"]
[Round "6"]
[White "Topalov, Veselin"]
[Black "Sokolov, Ivan"]
[Result "1/2-1/2"]
[WhiteElo "2745"]
[BlackElo "2635"]
[EventDate "1997.08.01"]

1.e4 e5 2.Cf3 Cc6 3.Fb5 a6 4.Fa4 Cf6 5.O-O Cxe4 6.d4 b5 7.Fb3 d5 8.dxe5 
Fe6 9.Cbd2 Cc5 10.c3 Fe7 11.Fc2 Fg4 12.Te1 O-O 13.Cb3 Te8 14.Cxc5 Fxc5 15.
Ff4 Dd7 16.h3 Fxf3 17.Dxf3 Cd8 18.Tad1 c6 19.h4 Ce6 20.Fc1 Tf8 21.Dg4 f5 
22.exf6 Txf6 23.Fe3 Taf8 24.Fxc5 Cxc5 25.Dxd7 Cxd7 26.Td2 Cc5 27.Tde2 a5 
28.g3 Tf3 29.Td1 a4 30.a3 Cb7 31.h5 Cd6 32.Fb1 T8f6 33.Rg2 Tf8 34.Tf1 Cc4 
35.Tfe1 Cd6 36.Rg1 1/2-1/2

[Event "Lost Boys 5th"]
[Site "Antwerp BEL"]
[Date "1997.??.??"]
[Round "7"]
[White "Van Wely, Loek"]
[Black "Topalov, Veselin"]
[Result "0-1"]
[WhiteElo "2655"]
[BlackElo "2745"]
[EventDate "1997.08.01"]

1.d4 Cf6 2.c4 e6 3.Cf3 c5 4.d5 d6 5.Cc3 exd5 6.cxd5 g6 7.e4 a6 8.a4 Fg4 9.
Db3 Fxf3 10.Dxb7 Cbd7 11.gxf3 Fg7 12.Ff4 Tb8 13.Dxa6 Ch5 14.Fc1 O-O 15.Fe2
Fe5 16.h4 Cf4 17.Fb5 f5 18.Fxf4 Fxf4 19.Fxd7 Dxd7 20.De2 Fe5 21.Cb5 Rh8 
22.O-O-O fxe4 23.fxe4 Dd8 24.Td3 Da5 25.Ta3 Db4 26.f3 c4 27.Dc2 Tfc8 28.
Tf1 Tf8 29.Rb1 Ta8 30.Tc1 Tf4 31.De2 Tc8 32.Ca7 c3 33.Db5 c2+ 34.Ra2 Dd2 
35.Df1 Dd4 0-1

[Event "Hoogovens Blitz"]
[Site "Wijk aan Zee NED"]
[Date "1998.01.19"]
[Round "3"]
[White "Adams, Michael"]
[Black "Topalov, Veselin"]
[Result "1/2-1/2"]
[WhiteElo "2670"]
[BlackElo "2740"]
[EventDate "1998.01.19"]

1.d4 f5 2.Fg5 g6 3.h4 h6 4.Ff4 d6 5.e3 Cf6 6.c3 Fg7 7.Fc4 e6 8.Cd2 De7 9.
Fg3 Cc6 10.Ce2 e5 11.Dc2 Fe6 12.O-O-O O-O-O 13.Fb5 Fd7 14.c4 Rb8 15.d5 Cb4
16.Db3 Fxb5 17.Dxb4 Fe8 18.Cc3 g5 19.f3 c5 20.dxc6 Fxc6 21.Cb3 g4 22.Thf1 
gxf3 23.gxf3 Td7 24.Rb1 Tc8 25.Ca5 Ra8 26.Td2 h5 27.Cxc6 bxc6 28.Tfd1 Ff8 
29.e4 fxe4 30.fxe4 Dh7 31.Ra1 d5 32.Da4 d4 33.Da6 Tb7 34.Fxe5 dxc3 35.Fxc3
Cxe4 36.Td8 Dc7 37.Txc8+ Dxc8 38.Fe5 De8 39.Da5 Td7 40.Te1 Cc5 41.Fg3 Dd8 
42.Dxd8+ Txd8 43.a3 Fg7 44.Te2 Cb3+ 45.Rb1 Td2 46.Te8+ Rb7 47.Tb8+ Ra6 48.
Txb3 Td1+ 49.Ra2 Tg1 50.Ff4 Tg4 51.Fg5 Txc4 52.Tb8 Tc2 1/2-1/2

[Event "Hoogovens Blitz"]
[Site "Wijk aan Zee NED"]
[Date "1998.01.19"]
[Round "5"]
[White "Gelfand, Boris"]
[Black "Topalov, Veselin"]
[Result "1-0"]
[WhiteElo "2675"]
[BlackElo "2740"]
[EventDate "1998.01.19"]

1.e4 e6 2.d3 c5 3.Cf3 Cc6 4.g3 d5 5.Cbd2 g6 6.Fg2 Fg7 7.c3 Cge7 8.h4 h6 9.
O-O b6 10.Te1 Fa6 11.exd5 exd5 12.Da4 Fb7 13.d4 O-O 14.dxc5 bxc5 15.Cb3 
Db6 16.Fe3 d4 17.cxd4 Db4 18.Cxc5 Dxa4 19.Cxa4 Tab8 20.Cc5 Fa8 21.Cd7 Cf5 
22.Cfe5 Cxe5 23.dxe5 Fxg2 24.Rxg2 Txb2 25.Cxf8 Fxf8 26.Fxa7 Tb7 27.Fe3 Fb4
28.Tab1 1-0

[Event "Hoogovens Blitz"]
[Site "Wijk aan Zee NED"]
[Date "1998.01.19"]
[Round "8"]
[White "Van Wely, Loek"]
[Black "Topalov, Veselin"]
[Result "0-1"]
[WhiteElo "2605"]
[BlackElo "2740"]
[EventDate "1998.01.19"]

1.d4 Cf6 2.c4 e6 3.Cc3 Fb4 4.Dc2 c5 5.dxc5 Fxc5 6.Cf3 Db6 7.e3 Dc7 8.Fe2 
b6 9.a3 a6 10.O-O Fb7 11.b4 Fe7 12.Fb2 d6 13.Tac1 Cbd7 14.Tfd1 Tc8 15.Db3 
O-O 16.h3 Db8 17.Td2 Tc7 18.Tcd1 Tfc8 19.Fa1 Fxf3 20.gxf3 Ce5 21.Td4 Da8 
22.Rg2 Cg6 23.Ce4 Cxe4 24.Txe4 Db7 25.Rh2 b5 26.cxb5 axb5 27.Tg1 Tc2 28.
Dd3 d5 29.Teg4 Ff8 30.T1g2 Dc7+ 31.f4 Ta2 32.Fd4 e5 33.fxe5 Cxe5 34.Fxe5 
Dxe5+ 35.f4 Df6 36.Dxd5 Txa3 37.Fxb5 Txe3 38.Fc4 Td8 39.Dh5 Td4 40.Fa2 h6 
41.b5 Tdd3 42.T2g3 Txg3 43.Txg3 Td2+ 44.Tg2 Dxf4+ 45.Rg1 Fc5+ 46.Dxc5 Td1#
0-1

[Event "Hoogovens Blitz"]
[Site "Wijk aan Zee NED"]
[Date "1998.01.19"]
[Round "11"]
[White "Topalov, Veselin"]
[Black "Nijboer, Friso"]
[Result "1-0"]
[WhiteElo "2740"]
[BlackElo "2580"]
[EventDate "1998.01.19"]

1.c4 Cf6 2.Cc3 g6 3.e4 d6 4.d4 Fg7 5.Cf3 O-O 6.Fe2 e5 7.Fe3 Cg4 8.Fg5 f6 
9.Fh4 De8 10.O-O Rh8 11.h3 Ch6 12.Dd2 g5 13.Fg3 g4 14.hxg4 Cxg4 15.Cd5 Df7
16.Ce3 Fh6 17.Dc3 Cxe3 18.fxe3 Dg7 19.Fh4 Cc6 20.Tf2 Fg4 21.Taf1 Dg6 22.
Ch2 Fxe2 23.Txe2 Fg5 24.Fxg5 fxg5 25.Dd3 Txf1+ 26.Cxf1 Tf8 27.Cg3 Dh6 28.
Cf5 Dh5 29.d5 Cb4 30.Dd2 Dg4 31.Tf2 Dxe4 32.Cg3 Db1+ 33.Rh2 Tg8 34.Dxb4 
1-0

[Event "SuperGM"]
[Site "Linares ESP"]
[Date "1998.??.??"]
[Round "4"]
[White "Topalov, Veselin"]
[Black "Svidler, Peter"]
[Result "1/2-1/2"]
[WhiteElo "2740"]
[BlackElo "2690"]
[EventDate "1998.02.22"]

1.d4 Cf6 2.c4 g6 3.Cc3 d5 4.cxd5 Cxd5 5.e4 Cxc3 6.bxc3 Fg7 7.Fb5+ c6 8.Fa4
O-O 9.Ce2 c5 10.O-O Cc6 11.Fe3 Ca5 12.Tb1 Cc4 13.Fg5 h6 14.Fh4 b6 15.Fc6 
Tb8 16.Fd5 Fa6 17.Dd3 b5 18.a4 cxd4 19.Cxd4 Fxd4 20.cxd4 Cd6 21.Tfc1 Tb6 
22.a5 Tb8 23.Tc6 Fb7 24.e5 Cf5 25.Txg6+ Rh8 26.Fxf7 Txf7 27.e6 Tf8 28.Fg3 
Rh7 29.Tg4 Tc8 30.Fe5 Tc5 31.Tg7+ Rh8 32.dxc5 Cxg7 33.Dg6 Tf6 34.Fxf6 exf6
35.Dxh6+ Rg8 36.Te1 Cxe6 37.h4 Cg7 38.Df4 Dd5 39.Dg3 Rf7 40.Dc7+ Rg6 41.
Dg3+ Rf7 42.Dc7+ 1/2-1/2

[Event "SuperGM"]
[Site "Linares ESP"]
[Date "1998.02.27"]
[Round "6"]
[White "Topalov, Veselin"]
[Black "Anand, Viswanathan"]
[Result "1/2-1/2"]
[WhiteElo "2740"]
[BlackElo "2770"]
[EventDate "1998.02.22"]

1.e4 c6 2.d4 d5 3.Cd2 dxe4 4.Cxe4 Cd7 5.Cg5 e6 6.Fd3 Cgf6 7.C1f3 Fd6 8.De2
h6 9.Ce4 Cxe4 10.Dxe4 Dc7 11.Dg4 Rf8 12.O-O c5 13.Te1 b6 14.c3 Fb7 15.h4 
Te8 16.h5 Fd5 17.Fd2 Td8 18.Te2 Rg8 19.Dh3 Dc6 20.Te3 Fxf3 21.Txf3 Cf6 22.
Dh4 Fe7 23.Th3 cxd4 24.cxd4 Dd6 25.Fe3 Rf8 26.Tc1 Db4 27.b3 Cd5 28.De4 Ff6
29.Fc4 Dd6 30.Fxd5 Dxd5 31.Dxd5 Txd5 32.Tc7 a5 33.a4 Rg8 34.Tb7 Rh7 35.
Txf7 Tb8 36.Ta7 b5 37.Ff4 Tf8 38.Fe5 Fxe5 39.dxe5 bxa4 40.bxa4 Txe5 
1/2-1/2

[Event "SuperGM"]
[Site "Linares ESP"]
[Date "1998.03.06"]
[Round "11"]
[White "Svidler, Peter"]
[Black "Topalov, Veselin"]
[Result "1-0"]
[WhiteElo "2690"]
[BlackElo "2740"]
[EventDate "1998.02.22"]

1.e4 e5 2.Cf3 Cc6 3.Fb5 Cf6 4.O-O Cxe4 5.d4 Cd6 6.Fxc6 dxc6 7.dxe5 Cf5 8.
Dxd8+ Rxd8 9.Cc3 Re8 10.Td1 Ce7 11.Cd4 Cg6 12.f4 Fc5 13.Ce4 Fxd4+ 14.Txd4 
b6 15.Fe3 h5 16.Te1 Fe6 17.Cg5 Ff5 18.Tc4 Ce7 19.Td1 a5 20.Ff2 c5 21.Tc3 
Cg6 22.Te1 Tg8 23.a3 a4 24.e6 f6 25.Ce4 h4 26.Tc4 Re7 27.Cxc5 bxc5 28.Txc5
Cxf4 29.Txf5 Cxe6 30.Fxh4 Tgb8 31.Tc5 Rd6 32.Tc3 Txb2 33.Fg3+ Rd7 34.Td1+ 
Re8 35.Tc6 Rf7 36.Td7+ Re8 37.Td1 Rf7 38.Te1 Te8 39.Te4 Ta2 40.Txa4 Td8 
41.Te4 Td1+ 42.Rf2 Cd4 43.Txc7+ Rg6 44.Tg4+ Rf5 45.Tc5+ Re6 46.Te4+ Rf7 
47.Tc7+ Rg6 48.Tg4+ Rf5 49.Tc5+ Re6 50.Txg7 Cxc2 51.Tc6+ Rf5 52.Tc5+ Re6 
53.Rf3 Cd4+ 54.Rg4 Txa3 55.Tc8 Ta4 56.Te8+ Rd5 57.Td7+ Rc4 58.Ff2 Rc3 59.
Fxd4+ Tdxd4+ 60.Txd4 Rxd4 61.Rf5 Ta2 62.g4 Tf2+ 63.Rg6 Tf4 64.Rh5 f5 65.g5
Te4 66.Tf8 Re5 67.Rg6 1-0

[Event "SuperGM"]
[Site "Linares ESP"]
[Date "1998.??.??"]
[Round "13"]
[White "Anand, Viswanathan"]
[Black "Topalov, Veselin"]
[Result "1-0"]
[WhiteElo "2770"]
[BlackElo "2740"]
[EventDate "1998.02.22"]

1.e4 c5 2.Cf3 d6 3.d4 cxd4 4.Cxd4 Cf6 5.Cc3 a6 6.Fe3 Cg4 7.Fg5 h6 8.Fh4 g5
9.Fg3 Fg7 10.Fc4 Cc6 11.Cxc6 bxc6 12.h4 Db6 13.Fb3 Fd7 14.hxg5 O-O-O 15.
Dd2 hxg5 16.Txh8 Txh8 17.O-O-O Ce5 18.f3 Da5 19.Rb1 Ff6 20.De3 Rb7 21.Ff2 
Tb8 22.g3 Rc8 23.De2 Cg6 24.Fe1 Db6 25.Ca4 Db5 26.c4 Db7 27.Fa5 c5 28.Cb6+
Dxb6 29.Fxb6 Txb6 30.Td2 Fe5 31.Dh2 Rc7 32.Tf2 Tb8 33.f4 Th8 34.fxe5 Txh2 
35.exd6+ Rxd6 36.Txh2 Fc6 37.Fc2 Ce5 38.b3 Cf3 39.Th7 f6 40.Rc1 a5 41.Rd1 
Re6 42.Fd3 Rd6 43.Re2 Ce5 44.Rd2 Fb7 45.Rc3 Cc6 46.Th8 Rc7 47.Ff1 Ce5 48.
Fg2 Fc6 49.a3 Fb7 50.Th7 Rd7 51.b4 axb4+ 52.axb4 cxb4+ 53.Rxb4 Fa6 54.Fh3+
g4 55.Ff1 Fb7 56.Fg2 Fa6 57.Th5 Re6 58.Rc3 Rd6 59.Ff1 Fb7 60.Fd3 Fc6 61.
Th7 Fd7 62.Fe2 Fe6 63.Ff1 Ff7 64.Fd3 Fe6 65.Th8 Cc6 66.Fc2 Rc5 67.Fb3 Ff7 
68.Fa4 Ce5 69.Tc8+ Rb6 70.c5+ Rb7 71.Th8 Fg6 72.Rd4 Ff7 73.Th7 Rc7 74.Fb5 
Cf3+ 75.Re3 Ce5 76.Th8 Fg6 77.Ta8 Rb7 78.Ta6 1-0

[Event "Tilburg Fontys"]
[Site "Tilburg NED"]
[Date "1998.10.23"]
[Round "1"]
[White "Topalov, Veselin"]
[Black "Zvjaginsev, Vadim"]
[Result "1/2-1/2"]
[WhiteElo "2700"]
[BlackElo "2650"]
[EventDate "1998.10.??"]

1.e4 c5 2.Cf3 e6 3.d4 cxd4 4.Cxd4 Cc6 5.Cc3 d6 6.g4 a6 7.Fe3 Fd7 8.Dd2 b5 
9.g5 Cge7 10.O-O-O Cxd4 11.Dxd4 Cc6 12.Dd2 Fe7 13.f4 O-O 14.Rb1 Ca5 15.Df2
Tb8 16.h4 b4 17.Ce2 Cc4 18.Cd4 Cxe3 19.Dxe3 Db6 20.Dd2 a5 21.f5 e5 22.Cf3 
Tfc8 23.f6 Ff8 24.fxg7 Fxg7 25.Fh3 Fxh3 26.Txh3 Tc4 27.g6 hxg6 28.h5 Tbc8 
29.Tc1 a4 30.hxg6 b3 31.Dd5 T4c7 32.gxf7+ Rf8 33.Ch4 bxc2+ 34.Ra1 Dg1 35.
Dxd6+ Rxf7 36.Dd5+ Re7 37.Cf5+ Rf8 38.Dd6+ Rf7 39.Dd2 Dd1 40.Dg5 Ff6 41.
Th7+ Re6 42.Cd4+ Dxd4 43.Df5+ Rd6 44.Dxf6+ Rc5 45.Txc2+ Rb4 46.a3+ 1/2-1/2

[Event "Tilburg Fontys"]
[Site "Tilburg NED"]
[Date "1998.10.24"]
[Round "2"]
[White "Sadler, Matthew D"]
[Black "Topalov, Veselin"]
[Result "1/2-1/2"]
[WhiteElo "2660"]
[BlackElo "2700"]
[EventDate "1998.10.??"]

1.d4 Cf6 2.c4 e6 3.Cc3 Fb4 4.e3 c5 5.Ce2 cxd4 6.exd4 O-O 7.a3 Fe7 8.d5 
exd5 9.cxd5 Fc5 10.b4 Fd6 11.g3 Te8 12.Fg2 Fe5 13.O-O a5 14.b5 d6 15.h3 
Cfd7 16.f4 Ff6 17.Ta2 Cc5 18.g4 g6 19.Tc2 Fg7 20.Cg3 Cbd7 21.Rh2 Cb6 22.
Cce4 Cxe4 23.Cxe4 f5 24.Cg5 fxg4 25.hxg4 Fd7 26.Ce6 Dh4+ 27.Rg1 Fxe6 28.
dxe6 Txe6 29.Tc7 Te7 30.Txb7 Txb7 31.Fxb7 Dg3+ 32.Rh1 Dh3+ 33.Rg1 Dg3+ 34.
Rh1 Dh3+ 1/2-1/2

[Event "Tilburg Fontys"]
[Site "Tilburg NED"]
[Date "1998.10.25"]
[Round "3"]
[White "Topalov, Veselin"]
[Black "Svidler, Peter"]
[Result "1-0"]
[WhiteElo "2700"]
[BlackElo "2710"]
[EventDate "1998.10.??"]

1.e4 e5 2.Cf3 Cc6 3.Fb5 a6 4.Fa4 Cf6 5.O-O Fe7 6.Te1 b5 7.Fb3 O-O 8.d3 d6 
9.c3 Ca5 10.Fc2 c5 11.Cbd2 Te8 12.Cf1 h6 13.d4 cxd4 14.cxd4 exd4 15.Cxd4 
Ff8 16.b3 Fb7 17.Cg3 Cc6 18.Fb2 Cxd4 19.Fxd4 Tc8 20.Fd3 d5 21.e5 Ce4 22.
Dg4 Dg5 23.Dxg5 Cxg5 24.Tad1 Ce6 25.Fb2 g6 26.Ce2 Fb4 27.Tf1 d4 28.Fb1 Fc3
29.Fc1 b4 30.Fxh6 a5 31.Fd3 Cc5 32.Fc4 Tcd8 33.Fg5 Td7 34.Ff6 Fc6 35.f3 d3
36.Cxc3 bxc3 37.e6 Cxe6 38.Fxc3 Cf4 39.Fd2 Ce2+ 40.Rf2 Cd4 41.Fe3 Cc2 42.
Fc1 Te2+ 43.Rg1 Cd4 44.a4 d2 45.Fb2 Tee7 46.Rf2 Cc2 47.Ff6 1-0

[Event "Tilburg Fontys"]
[Site "Tilburg NED"]
[Date "1998.10.26"]
[Round "4"]
[White "Anand, Viswanathan"]
[Black "Topalov, Veselin"]
[Result "1/2-1/2"]
[WhiteElo "2795"]
[BlackElo "2700"]
[EventDate "1998.10.??"]

1.e4 c5 2.Cf3 d6 3.d4 cxd4 4.Cxd4 Cf6 5.Cc3 a6 6.Fe3 e6 7.f3 b5 8.g4 h6 9.
Dd2 Cbd7 10.O-O-O Fb7 11.h4 b4 12.Cb1 d5 13.Fh3 Ce5 14.g5 Cfd7 15.De2 dxe4
16.f4 Cd3+ 17.cxd3 exd3 18.Dxd3 Cc5 19.Dc2 Fe4 20.Cxe6 fxe6 21.Txd8+ Txd8 
22.Fxc5 Fxc2 23.Fxf8 Rxf8 24.Rxc2 hxg5 25.fxg5 Txh4 26.Cd2 Re7 27.Cf3 Tc4+
28.Rb1 Te4 29.Tc1 Td3 30.Fg2 Tee3 31.Ch4 Td2 32.Ff1 a5 33.Fc4 Rd6 34.Cg6 
Te4 35.Cf8 e5 36.Cg6 Tg4 37.Ch8 e4 38.Cf7+ Re7 39.Te1 Rf8 40.Ce5 Txg5 41.
Tf1+ Re8 42.Fb5+ Re7 43.Cc4 Th2 44.Fa4 Tc5 45.Ce3 g6 46.Te1 1/2-1/2

[Event "Tilburg Fontys"]
[Site "Tilburg NED"]
[Date "1998.10.29"]
[Round "6"]
[White "Piket, Jeroen"]
[Black "Topalov, Veselin"]
[Result "1/2-1/2"]
[WhiteElo "2605"]
[BlackElo "2700"]
[EventDate "1998.10.??"]

1.d4 Cf6 2.Cf3 g6 3.c4 Fg7 4.Cc3 O-O 5.e4 d6 6.Fe2 e5 7.O-O Ca6 8.Te1 c6 
9.Ff1 Fg4 10.d5 c5 11.h3 Fd7 12.a3 Rh8 13.b4 Cg8 14.Tb1 Fh6 15.Fxh6 Cxh6 
16.Dd2 Rg7 17.Tb3 b6 18.Fd3 De7 19.Fc2 f6 20.Tb2 Tac8 21.b5 Cc7 22.a4 Cf7 
23.a5 Tb8 24.Ta2 Tb7 25.axb6 axb6 26.Ch2 Rh8 27.Cf1 Ce8 28.Ta8 Cc7 29.Ta3 
Dd8 30.Cg3 Ce8 31.Tea1 Cg7 32.Cce2 h5 33.Fb1 Rh7 34.Cf1 f5 35.exf5 Fxf5 
36.Ceg3 Fxb1 37.Txb1 Dh4 38.Dd3 Cg5 39.Cd2 Tf4 40.Te1 Tbf7 41.Cde4 Cxe4 
42.Cxe4 Txe4 43.Txe4 Dxf2+ 44.Rh2 Db2 45.Db3 Dc1 46.De3 Db2 47.Db3 Dc1 
1/2-1/2

[Event "Tilburg Fontys"]
[Site "Tilburg NED"]
[Date "1998.10.30"]
[Round "7"]
[White "Topalov, Veselin"]
[Black "Lautier, Joel"]
[Result "0-1"]
[WhiteElo "2700"]
[BlackElo "2625"]
[EventDate "1998.10.??"]

1.e4 c5 2.Cf3 e6 3.d4 cxd4 4.Cxd4 Cf6 5.Cc3 Cc6 6.Cdb5 d6 7.Ff4 e5 8.Fg5 
a6 9.Ca3 b5 10.Fxf6 gxf6 11.Cd5 Fg7 12.c3 f5 13.exf5 Fxf5 14.Cc2 Fe6 15.g3
O-O 16.Fg2 a5 17.O-O f5 18.De2 Tb8 19.Tfd1 Rh8 20.Ca3 b4 21.Cb5 bxc3 22.
bxc3 Fg8 23.Cdc7 Ca7 24.Fd5 Cxb5 25.Cxb5 Db6 26.a4 Tf6 27.Ta2 f4 28.Tad2 
fxg3 29.hxg3 Fh6 30.Tc2 Txf2 31.Dxf2 Fe3 32.Rg2 Fxf2 33.Txf2 De3 34.Cxd6 
Tb1 0-1

[Event "Tilburg Fontys"]
[Site "Tilburg NED"]
[Date "1998.10.31"]
[Round "8"]
[White "Topalov, Veselin"]
[Black "Leko, Peter"]
[Result "0-1"]
[WhiteElo "2700"]
[BlackElo "2665"]
[EventDate "1998.10.??"]

1.e4 c6 2.d4 d5 3.Cd2 dxe4 4.Cxe4 Ff5 5.Cg3 Fg6 6.h4 h6 7.Cf3 Cf6 8.Ce5 
Fh7 9.Fd3 Fxd3 10.Dxd3 e6 11.Ff4 Da5+ 12.c3 Da6 13.Df3 Cbd7 14.Cxd7 Rxd7 
15.Fe5 Fe7 16.b3 Thd8 17.c4 Da5+ 18.Re2 Re8 19.The1 Rf8 20.Rf1 Td7 21.a4 
Tad8 22.Tad1 Rg8 23.Td3 Ce8 24.Ch5 Fd6 25.Fxg7 Cxg7 26.c5 Cxh5 27.Dxh5 Da6
28.Te3 Ff4 29.Dg4+ Rf8 30.Dxf4 Txd4 31.Dxh6+ Re8 32.Rg1 Txd3 33.Txe6+ Rd7 
34.Tf6 Rc8 35.Txf7 Td1+ 36.Rh2 De2 37.Df4 T1d7 38.Txd7 Txd7 39.Df8+ Rc7 
40.Df4+ Rc8 41.Df8+ Td8 42.Df5+ Rb8 43.Df4+ Ra8 44.g4 De7 45.g5 Tf8 46.De3
Dxe3 47.fxe3 Rb8 48.g6 Rc7 0-1

[Event "Tilburg Fontys"]
[Site "Tilburg NED"]
[Date "1998.11.02"]
[Round "9"]
[White "Adams, Michael"]
[Black "Topalov, Veselin"]
[Result "1-0"]
[WhiteElo "2715"]
[BlackElo "2700"]
[EventDate "1998.10.??"]

1.e4 c5 2.Cc3 e6 3.Cf3 a6 4.d4 cxd4 5.Cxd4 b5 6.Fd3 Fb7 7.O-O Db6 8.Cf3 
Dc7 9.Te1 Fc5 10.e5 f5 11.exf6 Cxf6 12.Ce4 Fxe4 13.Fxe4 Cc6 14.Fxc6 Dxc6 
15.Ce5 Dc7 16.Ff4 O-O 17.Fg3 Db7 18.De2 Fb6 19.Rh1 Tac8 20.Tad1 Cd5 21.c3 
Fa7 22.Td2 a5 23.De4 a4 24.a3 Fb8 25.f3 Fxe5 26.Fxe5 Dc6 27.Fd4 Tce8 28.h3
Tf4 29.De5 Tf7 30.Dg3 h6 31.Te4 Rh7 32.Tg4 Tg8 33.De1 Tf5 34.Db1 Ce7 35.
Te2 Db7 36.Tf4 Rh8 37.Th4 Rh7 38.Rg1 Dc7 39.Te5 g6 40.Te2 Txf3 41.De4 Tf5 
42.Txh6+ Rxh6 43.Dh4+ Th5 44.Dxe7 Dd8 45.Fe3+ g5 46.Db4 De8 47.Dxb5 d5 48.
Db4 Rh7 49.Fd4 Dd7 50.b3 axb3 51.Dxb3 g4 52.Db1+ Tf5 53.hxg4 Txg4 54.Tb2 
Dd6 55.Tb7+ Rh6 56.Tb6 Txg2+ 57.Rxg2 Tg5+ 58.Rf1 Df4+ 59.Re1 Dh4+ 60.Rd1 
Dh3 61.Rc2 1-0

[Event "Tilburg Fontys"]
[Site "Tilburg NED"]
[Date "1998.11.03"]
[Round "10"]
[White "Topalov, Veselin"]
[Black "Van Wely, Loek"]
[Result "1/2-1/2"]
[WhiteElo "2700"]
[BlackElo "2635"]
[EventDate "1998.10.??"]

1.c4 e5 2.g3 Cf6 3.Fg2 c6 4.d4 Fb4+ 5.Fd2 Fxd2+ 6.Dxd2 d6 7.Cc3 O-O 8.e3 
exd4 9.Dxd4 Db6 10.Dxb6 axb6 11.Cge2 Cbd7 12.Td1 Ce5 13.b3 Td8 14.h3 Rf8 
15.f4 Cg6 16.Rf2 Re7 17.Td2 Cd7 18.Thd1 Cc5 19.g4 f6 20.Ce4 Cxe4+ 21.Fxe4 
Cf8 22.Cc3 Fe6 23.Ff3 g6 24.h4 h6 25.Rg3 Ff7 26.Fg2 Td7 27.Fh3 Ce6 28.Ce4 
Tad8 29.Cc3 Ta8 30.Fg2 Cc5 31.Ff3 Tdd8 32.Ce2 Ta3 33.h5 gxh5 34.gxh5 f5 
35.Rh4 Ce6 36.Cg3 Cg7 37.Te1 Rf8 38.Fg2 Tda8 39.Tee2 Fe6 40.Fh3 Td8 41.e4 
fxe4 42.Fxe6 Cxe6 43.Cxe4 Cg7 44.Rg4 Ce8 45.c5 bxc5 46.Cxc5 Rf7 47.Rf3 Tb8
48.Ce4 Td8 49.Cc5 Tb8 50.Cd7 Tba8 51.Cb6 Td8 52.Cc4 Taa8 53.Tg2 b5 54.Ce3 
Cg7 55.Tg6 Cxh5 56.Txh6 Cf6 57.Cg4 Cxg4 58.Rxg4 b4 59.f5 Tg8+ 60.Rf4 Tg1 
61.Tdxd6 Tf1+ 62.Re4 Txa2 63.Td7+ Rg8 64.Txc6 Te2+ 65.Rd3 Te8 66.Tg6+ Rf8 
67.Tf6+ Rg8 68.Tff7 Tg1 69.f6 Tc8 70.Th7 Td1+ 71.Re2 Txd7 72.Txd7 Tc3 73.
Td3 Tc2+ 74.Rd1 Tf2 75.Td4 Rf7 76.Txb4 Rxf6 77.Te4 Rf5 1/2-1/2

[Event "Hoogovens 5'"]
[Site "Wijk aan Zee NED"]
[Date "1999.01.18"]
[Round "3"]
[White "Topalov, Veselin"]
[Black "Bosboom, Manuel"]
[Result "1-0"]
[WhiteElo "2700"]
[BlackElo "2490"]
[EventDate "1999.??.??"]

1.Cf3 Cf6 2.c4 g6 3.e4 Fg7 4.Cc3 O-O 5.d4 d6 6.Fe2 Fg4 7.Fe3 Cfd7 8.Tc1 
Fxf3 9.Fxf3 e5 10.d5 f5 11.b4 a5 12.a3 Ca6 13.Db3 Dh4 14.c5 Cf6 15.h3 f4 
16.Fd2 g5 17.Re2 Dh6 18.Cb5 Dg6 19.Dd3 h5 20.cxd6 cxd6 21.Cxd6 g4 22.hxg4 
hxg4 23.Cf5 Tfe8 24.b5 Cb8 25.d6 Df7 26.Rf1 Cbd7 27.Fd1 a4 28.Tc7 Da2 29.
Th4 Da1 30.Tc1 Da2 31.Fxg4 Db3 32.Fe2 Rf7 33.Dxb3+ axb3 34.Fc4+ Rg6 35.
Ce7+ Rg5 36.Th3 Cxe4 37.Fb4 b2 38.Tb1 Cb6 39.Ff7 Th8 40.Txb2 Txh3 41.gxh3 
f3 42.Tb3 Td8 43.Txf3 Cxd6 44.Fb3 Ff6 45.Tg3+ Rf4 46.Tg4+ Rf3 47.Fd1# 1-0

[Event "Hoogovens 5'"]
[Site "Wijk aan Zee NED"]
[Date "1999.01.18"]
[Round "4"]
[White "Yermolinsky, Alex"]
[Black "Topalov, Veselin"]
[Result "0-1"]
[WhiteElo "2597"]
[BlackElo "2700"]
[EventDate "1999.??.??"]

1.Cf3 d5 2.d4 Cf6 3.c4 e6 4.Cc3 Fe7 5.Fg5 h6 6.Fh4 O-O 7.e3 b6 8.Tc1 Fb7 
9.cxd5 Cxd5 10.Cxd5 Fxd5 11.Fxe7 Dxe7 12.Fe2 Td8 13.Dc2 Db4+ 14.Dd2 Dxd2+ 
15.Rxd2 c5 16.Thd1 cxd4 17.exd4 Fxa2 18.Ce5 Fd5 19.Tc7 f6 20.Cg6 Fe4 21.
Cf4 Ff5 22.g4 Txd4+ 23.Re3 Te4+ 24.Rf3 e5 25.Ch5 Ca6 26.Fxa6 Txg4 27.Fc4+ 
Rh8 28.Cg3 Tf4+ 29.Re3 Fg4 30.Td6 Tf3+ 31.Re4 Txf2 32.b3 Te8 33.Re3 Tf3+ 
34.Rd2 h5 35.Txa7 h4 36.Ce2 Tf2 37.Re3 Txh2 38.Txb6 Th3+ 39.Rf2 Tf3+ 40.
Rg1 Td8 41.Tbb7 Td1+ 42.Rg2 h3+ 43.Rh2 Tf2+ 44.Rg3 Tg2+ 45.Rh4 g5# 0-1

[Event "Hoogovens 5'"]
[Site "Wijk aan Zee NED"]
[Date "1999.01.18"]
[Round "6"]
[White "Van Wely, Loek"]
[Black "Topalov, Veselin"]
[Result "0-1"]
[WhiteElo "2636"]
[BlackElo "2700"]
[EventDate "1999.??.??"]

1.Cf3 Cf6 2.c4 c5 3.Cc3 b6 4.e3 e6 5.d4 a6 6.Fd3 d6 7.O-O Cbd7 8.a3 g6 9.
b4 Fg7 10.Fb2 O-O 11.De2 Fb7 12.Tfd1 Tc8 13.Tac1 Te8 14.Fb1 cxd4 15.Txd4 
d5 16.cxd5 Cxd5 17.Td3 Cxc3 18.Fxc3 Fe4 19.Tdd1 Fxf3 20.Dxf3 Fxc3 21.Db7 
Tc7 22.Dxa6 De7 23.Fd3 Tb8 24.Fb5 Cf6 25.g3 Fe5 26.Fe2 Ta7 27.Dd3 h5 28.
Db3 Tc7 29.Ff3 Rg7 30.a4 h4 31.Rg2 hxg3 32.hxg3 Tbc8 33.Txc7 Txc7 34.a5 
bxa5 35.bxa5 Tc3 36.Db6 Dc5 37.Td8 g5 38.g4 Tc2 39.Db1 Tb2 40.Dh1 Ch7 41.
Fe4 Cf8 42.De1 Cg6 43.Fxg6 Rxg6 44.Dd1 Dxe3 45.Dd3+ Dxd3 46.Txd3 Ta2 0-1

[Event "Hoogovens 5'"]
[Site "Wijk aan Zee NED"]
[Date "1999.01.18"]
[Round "7"]
[White "Topalov, Veselin"]
[Black "Kasimdzhanov, Rustam"]
[Result "0-1"]
[WhiteElo "2700"]
[BlackElo "2595"]
[EventDate "1999.??.??"]

1.Cf3 Cf6 2.c4 g6 3.Cc3 Fg7 4.e4 d6 5.d4 e5 6.Fe2 O-O 7.O-O Cc6 8.b4 Ce7 
9.d5 a5 10.Fa3 Cd7 11.bxa5 Txa5 12.Fb4 Ta8 13.a4 Fh6 14.a5 f5 15.Cd2 Cf6 
16.c5 Fxd2 17.Dxd2 fxe4 18.cxd6 cxd6 19.Tfe1 Cf5 20.Cb5 e3 21.fxe3 Ce4 22.
Dd3 Dg5 0-1